Government, markets, and vocational qualifications (Record no. 123572)
[ view plain ]
| 000 -LEADER | |
|---|---|
| fixed length control field | 01327nam a2200325Ia 4500 |
| 082 04 - DEWEY DECIMAL CLASSIFICATION NUMBER | |
| Classification number | 331.11/42/0941 |
| 100 1# - MAIN ENTRY--AUTHOR NAME | |
| Personal name | Raggatt, Peter C. M. |
| 245 10 - TITLE STATEMENT | |
| Title | Government, markets, and vocational qualifications |
| 260 ## - PUBLICATION, DISTRIBUTION, ETC. (IMPRINT) | |
| Place of publication | New York : |
| Name of publisher | Falmer Press, |
| Year of publication | 1999. |
| 300 ## - PHYSICAL DESCRIPTION | |
| Number of Pages | ix, 220 p. |
| 650 #0 - SUBJECT ADDED ENTRY--TOPICAL TERM | |
| Topical Term | Vocational qualifications |
| Topical Term | National Vocational Qualifications (Great Britain) |
| 700 1# - ADDED ENTRY--PERSONAL NAME | |
| Personal name | Williams, Steve, |
| 856 40 - ELECTRONIC LOCATION AND ACCESS | |
| Uniform Resource Identifier | http://site.ebrary.com/lib/rucke/Doc?id=2003517 |
No items available.
